| 000 | 00769nam a2200241Ia 4500 | ||
|---|---|---|---|
| 008 | 191130s2006##################000#0#eng## | ||
| 020 | _a1560229780 | ||
| 022 | _a2005018323 | ||
| 040 |
_aACL _cACL |
||
| 082 | _a579.28 KHA | ||
| 245 |
_aHandbook of plant virology _cJawaid A. Khan, Jeanne Dijkstra, editors |
||
| 260 |
_aNew York _bFood Products Press _c2006 |
||
| 300 | _axviii, 452 p. : ill. (some col.) ; 23 cm | ||
| 500 | _aIncludes bibliographical references and index | ||
| 650 | _aPlant Viruses - Handbooks | ||
| 650 | _aPlant viruses - Handbooks, manuals, etc | ||
| 650 | _aRNA Viruses - Handbooks | ||
| 700 | _aDijkstra, Jeanne | ||
| 700 | _aKhan, Jawaid A | ||
| 990 | _ac8a1254aac10000c55da6e2a5da1f984 | ||
| 991 | _a232947 | ||
| 999 |
_c200792 _d200792 |
||